Identifikácia zamestnaneckých finančných podvodov

Nový prístup k overovaniu spoľahlivosti východiskových štatistických údajov. Informačné útoky na podniky z vonkajšieho a vnútorného prostredia. Zamestnanecká kriminalita.

Gespeichert in:
Bibliographische Detailangaben
1. Verfasser: Kabát, Ladislav
Weitere Verfasser: Stehlíková, Beáta, Tirpáková, Anna
Format: Buchkapitel
Sprache:Slowakisch
Schlagworte:
Tags: Tag hinzufügen
Keine Tags, Fügen Sie das erste Tag hinzu!

MARC

LEADER 00000naa$a2200000$$$4500
001 0098289
005 20220330133125.3
041 0 |a slo 
044 |a SK 
245 1 0 |a Identifikácia zamestnaneckých finančných podvodov  |c Ladislav Kabát, Beáta Stehlíková, Anna Tirpáková 
520 |a Nový prístup k overovaniu spoľahlivosti východiskových štatistických údajov. Informačné útoky na podniky z vonkajšieho a vnútorného prostredia. Zamestnanecká kriminalita. 
610 2 0 |a údaje štatistické 
610 2 0 |a podvody 
610 2 0 |a kriminalita finančná 
610 2 0 |a metódy matematicko-štatistické 
100 1 |a Kabát, Ladislav 
700 1 |a Stehlíková, Beáta 
700 1 |a Tirpáková, Anna